Invertebrate zoology : A functional evolutionary approach

Organized by taxa, this textbook characterizes the phylogeny and biology of protozoa, metazoa, eumetazoa, bilateria, and anthropoda. The seventh edition adds five chapters that introduce each section of the book and present the functional evolutionary approach to invertebrate diversity.

Shranjeno v:
Bibliografske podrobnosti
Glavni avtor: Ruppert, Edward E.
Format: Knjiga
Jezik:Undetermined
Izdano: Victoria, Australia Brooks/Cole / Thomson 2004
Teme:
Oznake: Označite
Brez oznak, prvi označite!
Thư viện lưu trữ: Trung tâm Học liệu Trường Đại học Cần Thơ
LEADER 00892nam a2200217Ia 4500
001 CTU_117186
008 210402s9999 xx 000 0 und d
020 |c 108.76 
082 |a 592 
082 |b R946 
100 |a Ruppert, Edward E. 
245 0 |a Invertebrate zoology : 
245 2 |b A functional evolutionary approach 
245 0 |c Edward E. Ruppert, Richard S. Fox, Robert D. Barnes 
260 |a Victoria, Australia 
260 |b Brooks/Cole / Thomson 
260 |c 2004 
520 |a Organized by taxa, this textbook characterizes the phylogeny and biology of protozoa, metazoa, eumetazoa, bilateria, and anthropoda. The seventh edition adds five chapters that introduce each section of the book and present the functional evolutionary approach to invertebrate diversity. 
650 |a Invertebrates 
904 |i Minh 
980 |a Trung tâm Học liệu Trường Đại học Cần Thơ